000
00327nam a2200133Ia 4500
005
20260325234755.0
008
260325s9999||||xx |||||||||||||| ||und||
082
_a
770
100
_a
Paolini, Ramón
245
0
_a
6:00 a.m. :
_b
Memorias y olvido /
_c
Ramón Paolini
260
_b
Ex Libris
650
_a
FOTOGRAFÍA
942
_c
BK
999
_c
6281
_d
6281